| 000 | 00473nam a22001697a 4500 | ||
|---|---|---|---|
| 005 | 20240830100033.0 | ||
| 008 | 240830b |||||||| |||| 00| 0 eng d | ||
| 020 | _a0-321-01167-8 | ||
| 082 |
_a336.73 _bBRU-P |
||
| 100 | _aBruce, Neil | ||
| 245 |
_aPublic Finance ; _band the American Economy/ _cNeil Bruce |
||
| 260 |
_aUSA; _bAddison-Wesley Education; _c1998 |
||
| 300 |
_axxviii, 69 p.; _bill; _c24 cm. |
||
| 500 | _aIncludes Index | ||
| 650 | _aFinance | ||
| 999 |
_c36503 _d36503 |
||